[Event "ESK-Schach Blitzturnier"]
[Site "T#645833ESK-Schach"]
[Date "2020.05.08"]
[Round "1"]
[White "Invictus88"]
[Black "Joachim Brüggemann"]
[Result "1-0"]
[WhiteElo "2376"]
[BlackElo "1666"]
[PlyCount "43"]
[EventDate "2020.05.08"]
[EventType "tourn (blitz)"]

1. c4 {[%emt 0:00:03]} e6 {[%emt 0:00:06]} 2. g3 {[%emt 0:00:02]} d5 {[%emt 0:
00:03]} 3. Bg2 {[%emt 0:00:00]} Nf6 {[%emt 0:00:02]} 4. d4 {[%emt 0:00:03]} Be7
{[%emt 0:00:02]} 5. Nf3 {[%emt 0:00:03]} O-O {[%emt 0:00:02]} 6. Qc2 {[%emt 0:
00:01]} c5 {[%emt 0:00:02]} 7. dxc5 {[%emt 0:00:02]} Bxc5 {[%emt 0:00:05]} 8.
cxd5 {[%emt 0:00:05]} Bb4+ {[%emt 0:00:03]} 9. Nbd2 {[%emt 0:00:08]} Nxd5 {
[%emt 0:00:04]} 10. O-O {[%emt 0:00:03]} Qc7 {[%emt 0:00:10]} 11. Qxc7 {[%emt
0:00:19]} Nxc7 {[%emt 0:00:02]} 12. Nc4 {[%emt 0:00:01]} Nc6 {[%emt 0:00:04]}
13. Nfe5 {[%emt 0:00:07]} Nxe5 {[%emt 0:00:05]} 14. Nxe5 {[%emt 0:00:00]} Bd6 {
[%emt 0:00:02]} 15. Nc4 {[%emt 0:00:04]} Be7 {[%emt 0:00:03]} 16. Rd1 {[%emt 0:
00:03]} f6 {[%emt 0:00:02]} 17. Be3 {[%emt 0:00:04]} e5 {[%emt 0:00:02]} 18.
Rac1 {[%emt 0:00:03]} Na6 {[%emt 0:00:07]} 19. Na5 {[%emt 0:00:14]} Nb4 {[%emt
0:00:28]} 20. a3 {[%emt 0:00:06]} Nc6 {[%emt 0:00:12]} 21. Rxc6 {[%emt 0:00:20]
} bxc6 {[%emt 0:00:03]} 22. Nxc6 {[%emt 0:00:01]} 1-0

[Event "ESK-Schach Blitzturnier"]
[Site "T#645833ESK-Schach"]
[Date "2020.05.08"]
[Round "1"]
[White "Troyke"]
[Black "PinkyDonut"]
[Result "1-0"]
[WhiteElo "2218"]
[BlackElo "1608"]
[PlyCount "49"]
[EventDate "2020.05.08"]
[EventType "tourn (blitz)"]

1. g3 {[%emt 0:00:02]} d5 {[%emt 0:00:03]} 2. Bg2 {[%emt 0:00:01]} c6 {[%emt 0:
00:02]} 3. c4 {[%emt 0:00:01]} dxc4 {[%emt 0:00:04]} 4. Na3 {[%emt 0:00:02]}
Nf6 {[%emt 0:00:04]} 5. Nxc4 {[%emt 0:00:01]} g6 {[%emt 0:00:14]} 6. b3 {[%emt
0:00:02]} Bg7 {[%emt 0:00:02]} 7. Bb2 {[%emt 0:00:01]} O-O {[%emt 0:00:03]} 8.
Nf3 {[%emt 0:00:01]} Nbd7 {[%emt 0:00:09]} 9. O-O {[%emt 0:00:01]} Re8 {[%emt
0:00:04]} 10. Qc2 {[%emt 0:00:01]} Nb6 {[%emt 0:00:20]} 11. Nce5 {[%emt 0:00:
01]} Bf5 {[%emt 0:00:10]} 12. d3 {[%emt 0:00:01]} Rc8 {[%emt 0:00:34]} 13. Ng5
{[%emt 0:00:05]} Rf8 {[%emt 0:00:18]} 14. e4 {[%emt 0:00:05]} Bd7 {[%emt 0:00:
08]} 15. a4 {[%emt 0:00:02]} h6 {[%emt 0:00:20]} 16. Ngf3 {[%emt 0:00:01]} Be6
{[%emt 0:00:09]} 17. Nd4 {[%emt 0:00:04]} Qd6 {[%emt 0:00:34]} 18. f4 {[%emt 0:
00:16]} Rcd8 {[%emt 0:00:19]} 19. a5 {[%emt 0:00:03]} Na8 {[%emt 0:00:19]} 20.
Nxe6 {[%emt 0:00:09]} Qxe6 {[%emt 0:00:11]} 21. d4 {[%emt 0:00:00]} Qc8 {[%emt
0:00:28]} 22. a6 {[%emt 0:00:01]} b6 {[%emt 0:00:09]} 23. Nxc6 {[%emt 0:00:04]}
Rfe8 {[%emt 0:00:06]} 24. d5 {[%emt 0:00:03]} e6 {[%emt 0:00:02]} 25. Rac1 {
[%emt 0:00:05] TimeB} 1-0

[Event "ESK-Schach Blitzturnier"]
[Site "T#645833ESK-Schach"]
[Date "2020.05.08"]
[Round "1"]
[White "Rentier"]
[Black "Petr Hába"]
[Result "0-1"]
[WhiteElo "1885"]
[BlackElo "2428"]
[PlyCount "64"]
[EventDate "2020.05.08"]
[EventType "tourn (blitz)"]

1. d4 {[%emt 0:00:07]} Nf6 {[%emt 0:00:02]} 2. c4 {[%emt 0:00:02]} e6 {[%emt 0:
00:01]} 3. Nc3 {[%emt 0:00:04]} Bb4 {[%emt 0:00:01]} 4. e3 {[%emt 0:00:03]} O-O
{[%emt 0:00:02]} 5. Nge2 {[%emt 0:00:02]} d5 {[%emt 0:00:03]} 6. a3 {[%emt 0:
00:02]} Be7 {[%emt 0:00:02]} 7. Nf4 {[%emt 0:00:02]} c6 {[%emt 0:00:04]} 8. Be2
{[%emt 0:00:02]} dxc4 {[%emt 0:00:04]} 9. Bxc4 {[%emt 0:00:02]} Nbd7 {[%emt 0:
00:02]} 10. O-O {[%emt 0:00:04]} e5 {[%emt 0:00:02]} 11. dxe5 {[%emt 0:00:02]}
Nxe5 {[%emt 0:00:00]} 12. Be2 {[%emt 0:00:03]} Bf5 {[%emt 0:00:04]} 13. b4 {
[%emt 0:00:17]} Qc7 {[%emt 0:00:03]} 14. Na4 {[%emt 0:00:10]} Rad8 {[%emt 0:00:
08]} 15. Qb3 {[%emt 0:00:02]} g5 {[%emt 0:00:24]} 16. Nh5 {[%emt 0:00:13]} Nxh5
{[%emt 0:00:18]} 17. Bxh5 {[%emt 0:00:02]} Nd3 {[%emt 0:00:14]} 18. Bb2 {[%emt
0:00:15]} Nxb2 {[%emt 0:00:12]} 19. Qxb2 {[%emt 0:00:06]} Bd6 {[%emt 0:00:01]}
20. h3 {[%emt 0:00:10]} Be5 {[%emt 0:00:02]} 21. Nc3 {[%emt 0:00:01]} Rd3 {
[%emt 0:00:07]} 22. Rac1 {[%emt 0:00:03]} Rfd8 {[%emt 0:00:01]} 23. e4 {[%emt
0:00:30]} Bxe4 {[%emt 0:00:18]} 24. Rfe1 {[%emt 0:00:09]} Bg6 {[%emt 0:00:08]}
25. Bxg6 {[%emt 0:00:07]} hxg6 {[%emt 0:00:00]} 26. Qb3 {[%emt 0:00:25]} Bg7 {
[%emt 0:00:07]} 27. Qc4 {[%emt 0:00:02]} Qf4 {[%emt 0:00:15]} 28. Ne4 {[%emt 0:
00:23]} R8d4 {[%emt 0:00:13]} 29. Qc2 {[%emt 0:00:10]} Rxa3 {[%emt 0:00:01]}
30. Nc5 {[%emt 0:00:06]} Rd2 {[%emt 0:00:10]} 31. Qe4 {[%emt 0:00:08]} Qxf2+ {
[%emt 0:00:13]} 32. Kh1 {[%emt 0:00:01]} Rxh3+ {[%emt 0:00:03]} 0-1

[Event "ESK-Schach Blitzturnier"]
[Site "T#645833ESK-Schach"]
[Date "2020.05.08"]
[Round "1"]
[White "Voekler"]
[Black "MateoW"]
[Result "1-0"]
[WhiteElo "1882"]
[BlackElo "1285"]
[PlyCount "75"]
[EventDate "2020.05.08"]
[EventType "tourn (blitz)"]

1. e4 {[%emt 0:00:03]} c5 {[%emt 0:00:03]} 2. Nf3 {[%emt 0:00:02]} d6 {[%emt 0:
00:01]} 3. d4 {[%emt 0:00:02]} cxd4 {[%emt 0:00:00]} 4. Nxd4 {[%emt 0:00:01]}
Nf6 {[%emt 0:00:05]} 5. Nc3 {[%emt 0:00:01]} a6 {[%emt 0:00:01]} 6. Bc4 {[%emt
0:00:03]} e6 {[%emt 0:00:02]} 7. O-O {[%emt 0:00:01]} Bd7 {[%emt 0:00:07]} 8.
Bb3 {[%emt 0:00:07]} Be7 {[%emt 0:00:04]} 9. Be3 {[%emt 0:00:05]} O-O {[%emt 0:
00:06]} 10. f4 {[%emt 0:00:02]} Nc6 {[%emt 0:00:09]} 11. Qf3 {[%emt 0:00:02]}
Qc7 {[%emt 0:00:10]} 12. Rae1 {[%emt 0:00:13]} b5 {[%emt 0:00:16]} 13. a3 {
[%emt 0:00:03]} b4 {[%emt 0:00:41]} 14. Nxc6 {[%emt 0:00:12]} Bxc6 {[%emt 0:00:
17]} 15. axb4 {[%emt 0:00:02]} Rab8 {[%emt 0:00:07]} 16. Bd2 {[%emt 0:00:36]}
d5 {[%emt 0:00:16]} 17. exd5 {[%emt 0:00:15]} Nxd5 {[%emt 0:00:00]} 18. Nxd5 {
[%emt 0:00:02]} Bxd5 {[%emt 0:00:11]} 19. Bxd5 {[%emt 0:00:02]} Rfd8 {[%emt 0:
00:50]} 20. c4 {[%emt 0:00:15]} exd5 {[%emt 0:00:10]} 21. c5 {[%emt 0:00:02]}
a5 {[%emt 0:00:21]} 22. Qe2 {[%emt 0:00:49]} Re8 {[%emt 0:00:13]} 23. Kh1 {
[%emt 0:00:14]} axb4 {[%emt 0:00:06]} 24. Qe5 {[%emt 0:00:01]} Qxe5 {[%emt 0:
00:12]} 25. Rxe5 {[%emt 0:00:05]} Bxc5 {[%emt 0:00:07]} 26. Rxd5 {[%emt 0:00:
03]} Be7 {[%emt 0:00:10]} 27. g3 {[%emt 0:00:13]} Red8 {[%emt 0:00:01]} 28.
Rxd8+ {[%emt 0:00:04]} Rxd8 {[%emt 0:00:00]} 29. Bc1 {[%emt 0:00:04]} Bc5 {
[%emt 0:00:03]} 30. Re1 {[%emt 0:00:06]} Kf8 {[%emt 0:00:04]} 31. Kg2 {[%emt 0:
00:04]} Re8 {[%emt 0:00:01]} 32. Rxe8+ {[%emt 0:00:06]} Kxe8 {[%emt 0:00:00]}
33. Kf3 {[%emt 0:00:01]} Kd7 {[%emt 0:00:01]} 34. Ke4 {[%emt 0:00:03]} Kd6 {
[%emt 0:00:01]} 35. b3 {[%emt 0:00:02]} Bg1 {[%emt 0:00:03]} 36. h3 {[%emt 0:
00:01]} Bc5 {[%emt 0:00:03]} 37. Bb2 {[%emt 0:00:05]} Bb6 {[%emt 0:00:00]} 38.
Bxg7 {[%emt 0:00:02] TimeB} 1-0

[Event "ESK-Schach Blitzturnier"]
[Site "T#645833ESK-Schach"]
[Date "2020.05.08"]
[Round "2"]
[White "Voekler"]
[Black "Troyke"]
[Result "1-0"]
[WhiteElo "1883"]
[BlackElo "2219"]
[PlyCount "41"]
[EventDate "2020.05.08"]
[EventType "tourn (blitz)"]

1. e4 {[%emt 0:00:04]} c5 {[%emt 0:00:30]} 2. Nf3 {[%emt 0:00:02]} g6 {[%emt 0:
00:01]} 3. d4 {[%emt 0:00:05]} cxd4 {[%emt 0:00:01]} 4. Nxd4 {[%emt 0:00:01]}
Bg7 {[%emt 0:00:01]} 5. c4 {[%emt 0:00:03]} Nc6 {[%emt 0:00:01]} 6. Be3 {[%emt
0:00:01]} Nf6 {[%emt 0:00:00]} 7. Nc3 {[%emt 0:00:01]} O-O {[%emt 0:00:00]} 8.
Be2 {[%emt 0:00:01]} d6 {[%emt 0:00:01]} 9. O-O {[%emt 0:00:02]} Bd7 {[%emt 0:
00:01]} 10. Qd2 {[%emt 0:00:06]} Nxd4 {[%emt 0:00:01]} 11. Bxd4 {[%emt 0:00:01]
} Bc6 {[%emt 0:00:00]} 12. Bd3 {[%emt 0:00:03]} a5 {[%emt 0:00:02]} 13. Rae1 {
[%emt 0:00:02]} Nd7 {[%emt 0:00:01]} 14. Bxg7 {[%emt 0:00:02]} Kxg7 {[%emt 0:
00:00]} 15. Re3 {[%emt 0:00:01]} Qb6 {[%emt 0:00:01]} 16. Rh3 {[%emt 0:00:04]}
h5 {[%emt 0:00:01]} 17. Rxh5 {[%emt 0:00:07]} gxh5 {[%emt 0:00:01]} 18. Qg5+ {
[%emt 0:00:01]} Kh7 {[%emt 0:00:01]} 19. e5+ {[%emt 0:00:04]} f5 {[%emt 0:00:
08]} 20. exf6+ {[%emt 0:00:02]} Kh8 {[%emt 0:00:01]} 21. Qg7# {[%emt 0:00:02]}
1-0

[Event "ESK-Schach Blitzturnier"]
[Site "T#645833ESK-Schach"]
[Date "2020.05.08"]
[Round "2"]
[White "Petr Hába"]
[Black "Invictus88"]
[Result "0-1"]
[WhiteElo "2429"]
[BlackElo "2377"]
[PlyCount "44"]
[EventDate "2020.05.08"]
[EventType "tourn (blitz)"]

1. e4 {[%emt 0:00:01]} e6 {[%emt 0:00:03]} 2. d4 {[%emt 0:00:01]} d5 {[%emt 0:
00:00]} 3. e5 {[%emt 0:00:01]} c5 {[%emt 0:00:01]} 4. c3 {[%emt 0:00:02]} Nc6 {
[%emt 0:00:00]} 5. Nf3 {[%emt 0:00:01]} Bd7 {[%emt 0:00:01]} 6. Be2 {[%emt 0:
00:02]} a6 {[%emt 0:00:03]} 7. O-O {[%emt 0:00:06]} Rc8 {[%emt 0:00:00]} 8.
Nbd2 {[%emt 0:00:05]} cxd4 {[%emt 0:00:04]} 9. cxd4 {[%emt 0:00:01]} Nh6 {
[%emt 0:00:01]} 10. Nb3 {[%emt 0:00:05]} Nf5 {[%emt 0:00:02]} 11. Bg5 {[%emt 0:
00:03]} Qb6 {[%emt 0:00:09]} 12. Bd3 {[%emt 0:00:04]} h6 {[%emt 0:00:11]} 13.
Bd2 {[%emt 0:00:02]} Be7 {[%emt 0:00:32]} 14. Rc1 {[%emt 0:00:01]} O-O {[%emt
0:00:02]} 15. Bxf5 {[%emt 0:00:22]} exf5 {[%emt 0:00:00]} 16. Bc3 {[%emt 0:00:
09]} Be6 {[%emt 0:00:10]} 17. Qd2 {[%emt 0:00:06]} Na7 {[%emt 0:00:19]} 18. Ba5
{[%emt 0:00:21]} Qb5 {[%emt 0:00:03]} 19. Rxc8 {[%emt 0:00:10]} Rxc8 {[%emt 0:
00:02]} 20. Rc1 {[%emt 0:00:03]} Rc4 {[%emt 0:00:03]} 21. Nc5 {[%emt 0:00:07]}
Rxc1+ {[%emt 0:00:14]} 22. Qxc1 {[%emt 0:00:00]} Qxa5 {[%emt 0:00:01] Petr
Hába resigns} 0-1

[Event "ESK-Schach Blitzturnier"]
[Site "T#645833ESK-Schach"]
[Date "2020.05.08"]
[Round "2"]
[White "MateoW"]
[Black "Joachim Brüggemann"]
[Result "0-1"]
[WhiteElo "1284"]
[BlackElo "1664"]
[PlyCount "50"]
[EventDate "2020.05.08"]
[EventType "tourn (blitz)"]

1. d4 {[%emt 0:00:06]} Nf6 {[%emt 0:00:02]} 2. c4 {[%emt 0:00:01]} e6 {[%emt 0:
00:01]} 3. a3 {[%emt 0:00:04]} b6 {[%emt 0:00:04]} 4. Nc3 {[%emt 0:00:02]} Bb7
{[%emt 0:00:01]} 5. Qc2 {[%emt 0:00:04]} d6 {[%emt 0:00:03]} 6. e4 {[%emt 0:00:
07]} Nbd7 {[%emt 0:00:02]} 7. Bg5 {[%emt 0:00:06]} Be7 {[%emt 0:00:02]} 8. Bd3
{[%emt 0:00:13]} e5 {[%emt 0:00:03]} 9. d5 {[%emt 0:00:04]} a5 {[%emt 0:00:02]}
10. Nge2 {[%emt 0:00:07]} Nh5 {[%emt 0:00:02]} 11. Be3 {[%emt 0:00:10]} Bg5 {
[%emt 0:00:16]} 12. Qd2 {[%emt 0:00:28]} Bxe3 {[%emt 0:00:05]} 13. Qxe3 {[%emt
0:00:00]} Nc5 {[%emt 0:00:05]} 14. O-O {[%emt 0:00:09]} O-O {[%emt 0:00:12]}
15. b4 {[%emt 0:00:01]} axb4 {[%emt 0:00:07]} 16. axb4 {[%emt 0:00:01]} Nd7 {
[%emt 0:00:03]} 17. f4 {[%emt 0:00:26]} exf4 {[%emt 0:00:05]} 18. Nxf4 {[%emt
0:00:00]} Nxf4 {[%emt 0:00:02]} 19. Rxf4 {[%emt 0:00:03]} Rxa1+ {[%emt 0:00:03]
} 20. Kf2 {[%emt 0:00:04]} Ne5 {[%emt 0:00:02]} 21. h4 {[%emt 0:00:55]} Bc8 {
[%emt 0:00:07]} 22. Be2 {[%emt 0:00:26]} f5 {[%emt 0:00:06]} 23. exf5 {[%emt 0:
00:09]} Bxf5 {[%emt 0:00:02]} 24. g3 {[%emt 0:00:38]} Bh3 {[%emt 0:00:07]} 25.
Rf3 {[%emt 0:00:09]} Ng4# {[%emt 0:00:03]} 0-1

[Event "ESK-Schach Blitzturnier"]
[Site "T#645833ESK-Schach"]
[Date "2020.05.08"]
[Round "2"]
[White "PinkyDonut"]
[Black "Rentier"]
[Result "0-1"]
[WhiteElo "1607"]
[BlackElo "1883"]
[PlyCount "76"]
[EventDate "2020.05.08"]
[EventType "tourn (blitz)"]

1. e4 {[%emt 0:00:03]} e6 {[%emt 0:00:03]} 2. d4 {[%emt 0:00:02]} d5 {[%emt 0:
00:01]} 3. e5 {[%emt 0:00:01]} c5 {[%emt 0:00:01]} 4. c3 {[%emt 0:00:01]} Nc6 {
[%emt 0:00:02]} 5. Nf3 {[%emt 0:00:01]} Qb6 {[%emt 0:00:01]} 6. a3 {[%emt 0:00:
02]} Bd7 {[%emt 0:00:05]} 7. b4 {[%emt 0:00:02]} cxb4 {[%emt 0:00:02]} 8. cxb4
{[%emt 0:00:01]} Nge7 {[%emt 0:00:08]} 9. Be2 {[%emt 0:00:05]} Nf5 {[%emt 0:00:
02]} 10. Bb2 {[%emt 0:00:06]} Be7 {[%emt 0:00:04]} 11. O-O {[%emt 0:00:03]} O-O
{[%emt 0:00:06]} 12. b5 {[%emt 0:00:20]} Na5 {[%emt 0:00:05]} 13. Nc3 {[%emt 0:
00:22]} Nc4 {[%emt 0:00:15]} 14. Bxc4 {[%emt 0:00:05]} dxc4 {[%emt 0:00:02]}
15. a4 {[%emt 0:00:12]} a6 {[%emt 0:00:10]} 16. a5 {[%emt 0:00:03]} Qd8 {[%emt
0:00:03]} 17. b6 {[%emt 0:00:12]} Bc6 {[%emt 0:00:02]} 18. Re1 {[%emt 0:00:12]}
Rc8 {[%emt 0:00:15]} 19. Ba3 {[%emt 0:00:28]} Bxa3 {[%emt 0:00:08]} 20. Rxa3 {
[%emt 0:00:02]} Bxf3 {[%emt 0:00:32]} 21. Qxf3 {[%emt 0:00:07]} Nxd4 {[%emt 0:
00:01]} 22. Qe4 {[%emt 0:00:18]} Nc6 {[%emt 0:00:08]} 23. Rd1 {[%emt 0:00:05]}
Qe7 {[%emt 0:00:01]} 24. Raa1 {[%emt 0:00:06]} Rfd8 {[%emt 0:00:02]} 25. Rxd8+
{[%emt 0:00:09]} Rxd8 {[%emt 0:00:02]} 26. Qxc4 {[%emt 0:00:05]} Nxe5 {[%emt 0:
00:11]} 27. Qe4 {[%emt 0:00:10]} Nc6 {[%emt 0:00:02]} 28. h3 {[%emt 0:00:06]}
h6 {[%emt 0:00:01]} 29. Qf3 {[%emt 0:00:07]} Qb4 {[%emt 0:00:16]} 30. Ne2 {
[%emt 0:00:13]} Qd2 {[%emt 0:00:11]} 31. Ng3 {[%emt 0:00:12]} Qd5 {[%emt 0:00:
01]} 32. Qf4 {[%emt 0:00:22]} Nxa5 {[%emt 0:00:07]} 33. Qc7 {[%emt 0:00:06]}
Nb3 {[%emt 0:00:17]} 34. Rb1 {[%emt 0:00:08]} Nd2 {[%emt 0:00:04]} 35. Rb2 {
[%emt 0:00:08]} g6 {[%emt 0:00:03]} 36. Rxd2 {[%emt 0:00:07]} Qxd2 {[%emt 0:00:
02]} 37. Qxb7 {[%emt 0:00:01]} Qd7 {[%emt 0:00:03]} 38. Qxa6 {[%emt 0:00:02]}
Rb8 {[%emt 0:00:01] TimeW} 0-1

[Event "ESK-Schach Blitzturnier"]
[Site "T#645833ESK-Schach"]
[Date "2020.05.08"]
[Round "3"]
[White "Invictus88"]
[Black "PinkyDonut"]
[Result "1-0"]
[WhiteElo "2396"]
[BlackElo "1601"]
[PlyCount "43"]
[EventDate "2020.05.08"]
[EventType "tourn (blitz)"]

1. c4 {[%emt 0:00:13]} Nf6 {[%emt 0:00:03]} 2. Nc3 {[%emt 0:00:02]} g6 {[%emt
0:00:02]} 3. e4 {[%emt 0:00:02]} d6 {[%emt 0:00:03]} 4. d4 {[%emt 0:00:00]} Bg7
{[%emt 0:00:04]} 5. Bd3 {[%emt 0:00:00]} O-O {[%emt 0:00:04]} 6. Nge2 {[%emt 0:
00:01]} e5 {[%emt 0:00:03]} 7. d5 {[%emt 0:00:01]} Nbd7 {[%emt 0:00:05]} 8. O-O
{[%emt 0:00:03]} a5 {[%emt 0:00:05]} 9. Ng3 {[%emt 0:00:22]} Nc5 {[%emt 0:00:
05]} 10. Bc2 {[%emt 0:00:01]} Bd7 {[%emt 0:00:16]} 11. f3 {[%emt 0:00:07]} c6 {
[%emt 0:00:08]} 12. Be3 {[%emt 0:00:02]} cxd5 {[%emt 0:00:18]} 13. exd5 {[%emt
0:00:02]} Na6 {[%emt 0:00:07]} 14. Ba4 {[%emt 0:00:12]} Bxa4 {[%emt 0:00:07]}
15. Nxa4 {[%emt 0:00:05]} Rc8 {[%emt 0:00:18]} 16. Rc1 {[%emt 0:00:04]} Re8 {
[%emt 0:00:08]} 17. Ne4 {[%emt 0:00:10]} Bf8 {[%emt 0:00:35]} 18. Bb6 {[%emt 0:
00:24]} Qe7 {[%emt 0:00:09]} 19. Bxa5 {[%emt 0:00:02]} Nd7 {[%emt 0:00:09]} 20.
Nb6 {[%emt 0:00:18]} f5 {[%emt 0:00:04]} 21. Nxd7 {[%emt 0:00:08]} Qxd7 {[%emt
0:00:02]} 22. Nf6+ {[%emt 0:00:02]} 1-0

[Event "ESK-Schach Blitzturnier"]
[Site "T#645833ESK-Schach"]
[Date "2020.05.08"]
[Round "3"]
[White "Troyke"]
[Black "MateoW"]
[Result "1-0"]
[WhiteElo "2189"]
[BlackElo "1280"]
[PlyCount "53"]
[EventDate "2020.05.08"]
[EventType "tourn (blitz)"]

1. g3 {[%emt 0:00:02]} d5 {[%emt 0:00:06]} 2. Bg2 {[%emt 0:00:01]} e5 {[%emt 0:
00:06]} 3. c4 {[%emt 0:00:01]} Nf6 {[%emt 0:00:10]} 4. cxd5 {[%emt 0:00:01]}
Nxd5 {[%emt 0:00:00]} 5. Nc3 {[%emt 0:00:02]} Nxc3 {[%emt 0:00:02]} 6. bxc3 {
[%emt 0:00:01]} Bc5 {[%emt 0:00:08]} 7. Rb1 {[%emt 0:00:03]} Nd7 {[%emt 0:00:
21]} 8. d4 {[%emt 0:00:03]} Bd6 {[%emt 0:00:09]} 9. Nf3 {[%emt 0:00:02]} exd4 {
[%emt 0:00:03]} 10. cxd4 {[%emt 0:00:04]} Rb8 {[%emt 0:00:01]} 11. O-O {[%emt
0:00:01]} b6 {[%emt 0:00:01]} 12. e4 {[%emt 0:00:02]} Bb7 {[%emt 0:00:04]} 13.
Qc2 {[%emt 0:00:06]} O-O {[%emt 0:00:04]} 14. e5 {[%emt 0:00:01]} Be7 {[%emt 0:
00:05]} 15. Rd1 {[%emt 0:00:04]} Rc8 {[%emt 0:00:09]} 16. h4 {[%emt 0:00:03]}
f6 {[%emt 0:00:09]} 17. e6 {[%emt 0:00:15]} Nb8 {[%emt 0:00:02]} 18. d5 {[%emt
0:00:01]} c6 {[%emt 0:00:18]} 19. d6 {[%emt 0:00:02]} c5 {[%emt 0:00:44]} 20.
dxe7 {[%emt 0:00:04]} Qxe7 {[%emt 0:00:00]} 21. Bf4 {[%emt 0:00:04]} Rcd8 {
[%emt 0:00:15]} 22. Rxd8 {[%emt 0:00:06]} Rxd8 {[%emt 0:00:02]} 23. Re1 {[%emt
0:00:05]} Nc6 {[%emt 0:00:10]} 24. a3 {[%emt 0:00:02]} Ba6 {[%emt 0:00:07]} 25.
Ng5 {[%emt 0:00:08]} Rf8 {[%emt 0:00:24]} 26. Bxc6 {[%emt 0:00:03]} h6 {[%emt
0:00:23]} 27. Qh7# {[%emt 0:00:02]} 1-0

[Event "ESK-Schach Blitzturnier"]
[Site "T#645833ESK-Schach"]
[Date "2020.05.08"]
[Round "3"]
[White "Joachim Brüggemann"]
[Black "Petr Hába"]
[Result "0-1"]
[WhiteElo "1677"]
[BlackElo "2410"]
[PlyCount "54"]
[EventDate "2020.05.08"]
[EventType "tourn (blitz)"]

1. e4 {[%emt 0:00:02]} e5 {[%emt 0:00:39]} 2. Nf3 {[%emt 0:00:02]} Nc6 {[%emt
0:00:02]} 3. Bb5 {[%emt 0:00:02]} a6 {[%emt 0:00:01]} 4. Ba4 {[%emt 0:00:02]}
Nf6 {[%emt 0:00:01]} 5. O-O {[%emt 0:00:02]} Nxe4 {[%emt 0:00:01]} 6. d4 {
[%emt 0:00:03]} b5 {[%emt 0:00:02]} 7. Bb3 {[%emt 0:00:02]} d5 {[%emt 0:00:00]}
8. Nxe5 {[%emt 0:00:02]} Nxe5 {[%emt 0:00:02]} 9. dxe5 {[%emt 0:00:01]} c6 {
[%emt 0:00:03]} 10. c3 {[%emt 0:00:05]} Bc5 {[%emt 0:00:04]} 11. Qe2 {[%emt 0:
00:09]} O-O {[%emt 0:00:03]} 12. Be3 {[%emt 0:00:02]} Re8 {[%emt 0:00:03]} 13.
Bxc5 {[%emt 0:00:09]} Nxc5 {[%emt 0:00:00]} 14. Bc2 {[%emt 0:00:03]} d4 {[%emt
0:00:01]} 15. cxd4 {[%emt 0:00:11]} Qxd4 {[%emt 0:00:00]} 16. Re1 {[%emt 0:00:
06]} Bg4 {[%emt 0:00:15]} 17. Qd2 {[%emt 0:00:35]} Rxe5 {[%emt 0:00:17]} 18.
Rxe5 {[%emt 0:00:07]} Qxe5 {[%emt 0:00:00]} 19. Nc3 {[%emt 0:00:04]} Re8 {
[%emt 0:00:10]} 20. h3 {[%emt 0:00:01]} Bf5 {[%emt 0:00:04]} 21. Bxf5 {[%emt 0:
00:04]} Qxf5 {[%emt 0:00:00]} 22. Rd1 {[%emt 0:00:04]} h6 {[%emt 0:00:07]} 23.
Qd6 {[%emt 0:00:02]} b4 {[%emt 0:00:17]} 24. g4 {[%emt 0:00:23]} Qf3 {[%emt 0:
00:15]} 25. Qxc5 {[%emt 0:00:19]} bxc3 {[%emt 0:00:02]} 26. Rf1 {[%emt 0:00:16]
} cxb2 {[%emt 0:00:05]} 27. Kh2 {[%emt 0:00:02]} Qd3 {[%emt 0:00:24]} 0-1

[Event "ESK-Schach Blitzturnier"]
[Site "T#645833ESK-Schach"]
[Date "2020.05.08"]
[Round "3"]
[White "Rentier"]
[Black "Voekler"]
[Result "1/2-1/2"]
[WhiteElo "1889"]
[BlackElo "1913"]
[PlyCount "67"]
[EventDate "2020.05.08"]
[EventType "tourn (blitz)"]

1. d4 {[%emt 0:00:05]} Nf6 {[%emt 0:00:02]} 2. c4 {[%emt 0:00:02]} e5 {[%emt 0:
00:01]} 3. dxe5 {[%emt 0:00:01]} Ne4 {[%emt 0:00:01]} 4. Nd2 {[%emt 0:00:05]}
Bb4 {[%emt 0:00:02]} 5. Ngf3 {[%emt 0:00:02]} Nc6 {[%emt 0:00:02]} 6. a3 {
[%emt 0:00:03]} Bxd2+ {[%emt 0:00:02]} 7. Bxd2 {[%emt 0:00:01]} Qe7 {[%emt 0:
00:02]} 8. e3 {[%emt 0:00:06]} b6 {[%emt 0:00:09]} 9. Be2 {[%emt 0:00:03]} Bb7
{[%emt 0:00:02]} 10. O-O {[%emt 0:00:01]} Nxd2 {[%emt 0:00:05]} 11. Qxd2 {
[%emt 0:00:02]} Nxe5 {[%emt 0:00:01]} 12. Nxe5 {[%emt 0:00:03]} Qxe5 {[%emt 0:
00:01]} 13. Rfd1 {[%emt 0:00:09]} d6 {[%emt 0:00:03]} 14. b4 {[%emt 0:00:10]}
O-O {[%emt 0:00:04]} 15. Rac1 {[%emt 0:00:02]} a5 {[%emt 0:00:20]} 16. c5 {
[%emt 0:00:19]} axb4 {[%emt 0:00:02]} 17. axb4 {[%emt 0:00:01]} dxc5 {[%emt 0:
00:03]} 18. bxc5 {[%emt 0:00:01]} bxc5 {[%emt 0:00:04]} 19. Qc2 {[%emt 0:00:16]
} Ra5 {[%emt 0:00:18]} 20. Qc3 {[%emt 0:00:14]} Qg5 {[%emt 0:00:24]} 21. Bf1 {
[%emt 0:00:05]} Rfa8 {[%emt 0:00:07]} 22. Rd7 {[%emt 0:00:15]} Ra2 {[%emt 0:00:
37]} 23. Qc4 {[%emt 0:00:35]} Qf5 {[%emt 0:00:10]} 24. Qxa2 {[%emt 0:00:17]}
Qxd7 {[%emt 0:00:05]} 25. Qc4 {[%emt 0:00:08]} Ra5 {[%emt 0:00:07]} 26. h3 {
[%emt 0:00:03]} g6 {[%emt 0:00:05]} 27. Qc3 {[%emt 0:00:08]} Qa4 {[%emt 0:00:
55]} 28. Qe5 {[%emt 0:00:12]} Qc6 {[%emt 0:00:09]} 29. h4 {[%emt 0:00:09]} h5 {
[%emt 0:00:03]} 30. Rd1 {[%emt 0:00:06]} Ra8 {[%emt 0:00:08]} 31. Rc1 {[%emt 0:
00:01]} Ra5 {[%emt 0:00:06]} 32. Rd1 {[%emt 0:00:02]} Ra8 {[%emt 0:00:01]} 33.
Rc1 {[%emt 0:00:01]} Ra5 {[%emt 0:00:02]} 34. Rd1 {[%emt 0:00:01]} 1/2-1/2

[Event "ESK-Schach Blitzturnier"]
[Site "T#645833ESK-Schach"]
[Date "2020.05.08"]
[Round "4"]
[White "MateoW"]
[Black "Petr Hába"]
[Result "0-1"]
[WhiteElo "1280"]
[BlackElo "2410"]
[PlyCount "52"]
[EventDate "2020.05.08"]
[EventType "tourn (blitz)"]

1. d4 {[%emt 0:00:05]} Nf6 {[%emt 0:00:02]} 2. c4 {[%emt 0:00:01]} e6 {[%emt 0:
00:01]} 3. Nc3 {[%emt 0:00:02]} Bb4 {[%emt 0:00:01]} 4. Qc2 {[%emt 0:00:02]}
O-O {[%emt 0:00:03]} 5. Bd2 {[%emt 0:00:01]} d5 {[%emt 0:00:03]} 6. c5 {[%emt
0:00:09]} b6 {[%emt 0:00:07]} 7. a3 {[%emt 0:00:05]} Bxc3 {[%emt 0:00:06]} 8.
Qxc3 {[%emt 0:00:08]} Ne4 {[%emt 0:00:03]} 9. Qc2 {[%emt 0:00:09]} Ba6 {[%emt
0:00:19]} 10. e3 {[%emt 0:00:18]} Bxf1 {[%emt 0:00:01]} 11. Kxf1 {[%emt 0:00:
00]} bxc5 {[%emt 0:00:12]} 12. dxc5 {[%emt 0:00:03]} Nc6 {[%emt 0:00:04]} 13.
Bc3 {[%emt 0:00:10]} Rb8 {[%emt 0:00:15]} 14. Ne2 {[%emt 0:00:19]} Qh4 {[%emt
0:00:09]} 15. g3 {[%emt 0:00:09]} Qh3+ {[%emt 0:00:06]} 16. Kg1 {[%emt 0:00:04]
} Ng5 {[%emt 0:00:02]} 17. f4 {[%emt 0:00:15]} Ne4 {[%emt 0:00:25]} 18. Rd1 {
[%emt 0:00:29]} Rfe8 {[%emt 0:00:05]} 19. b4 {[%emt 0:00:10]} h5 {[%emt 0:00:
17]} 20. Nd4 {[%emt 0:00:07]} Nxd4 {[%emt 0:00:04]} 21. Rxd4 {[%emt 0:00:00]}
h4 {[%emt 0:00:07]} 22. Rxe4 {[%emt 0:00:20]} dxe4 {[%emt 0:00:03]} 23. Qxe4 {
[%emt 0:00:00]} Red8 {[%emt 0:00:21]} 24. Bd4 {[%emt 0:00:16]} a5 {[%emt 0:00:
02]} 25. Qe5 {[%emt 0:00:06]} f6 {[%emt 0:00:01]} 26. Qxe6+ {[%emt 0:00:02]}
Qxe6 {[%emt 0:00:01]} 0-1